Niektoré aspekty keynesovej monetárnej politiky a majetkových efektov

Keynesova rovnováha pri nízkej zamestnanosti. Agregátna dopytová funkcia. Keynesova monetárna a fiškálna politika. Majetkový efekt indukovaný cenami, úrokom, množstvom peňazí. Ciele monetárnej a fiškálnej politiky.

Salvato in:
Dettagli Bibliografici
Autore principale: Goga, Marián
Natura: Capitolo di libro
Lingua:slovacco
Soggetti:
Tags: Aggiungi Tag
Nessun Tag, puoi essere il primo ad aggiungerne!!

MARC

LEADER 00000naa a2200000 4500
001 r025014
005 20230918074151.5
041 0 |a slo 
044 |a SK 
245 1 0 |a Niektoré aspekty keynesovej monetárnej politiky a majetkových efektov  |c Marián Goga 
520 |a Keynesova rovnováha pri nízkej zamestnanosti. Agregátna dopytová funkcia. Keynesova monetárna a fiškálna politika. Majetkový efekt indukovaný cenami, úrokom, množstvom peňazí. Ciele monetárnej a fiškálnej politiky. 
610 2 0 |a keynesizmus 
610 2 0 |a monetarizmus 
610 2 0 |a funkcie dopytové 
610 2 0 |a rovnováha 
610 2 0 |a politika fiškálna 
610 2 0 |a zamestnanosť 
610 2 0 |a ceny 
610 2 0 |a úrok 
610 2 0 |a peniaze 
100 1 |a Goga, Marián